| 000 | 00657nam a2200193 4500 | ||
|---|---|---|---|
| 001 | 112445 | ||
| 003 | ES-MaACL | ||
| 007 | t| | ||
| 008 | 061121s1954 sp r ||||1| spa d | ||
| 100 | 1 |
_aMuñoz Linares, Carlos. _984442 |
|
| 245 | 1 | 3 |
_aEl monopolio de la industria eléctrica / _cCarlos Muñoz Linares ; prólogo de Manuel de Torres. |
| 260 |
_aMadrid : _bAguilar, _c1954. |
||
| 300 |
_aXV, 204 p. : _bil ; _c22 cm. |
||
| 490 | 1 | _aBiblioteca de ciencias sociales | |
| 700 | 1 |
_aTorres, Manuel de. _9110904 |
|
| 830 | 0 | 0 |
_aBiblioteca de ciencias sociales (Aguilar) _9220462 |
| 852 |
_aES-MaACL _jC-8251 _bR.36229 |
||
| 999 |
_c112445 _d112445 |
||